Determinantes de la edad a la menopausia natural en Brasil, Chile y Uruguay : un enfoque de curso de vida /
Salvato in:
| Autore principale: | |
|---|---|
| Natura: | Elettronico eBook |
| Lingua: | spagnolo |
| Pubblicazione: |
Ciudad de México, México :
El Colegio de México,
2025.
|
| Edizione: | Primera edición electrónica. |
| Soggetti: | |
| Accesso online: | Digitalia Hispánica |
| Tags: |
Aggiungi Tag
Nessun Tag, puoi essere il primo ad aggiungerne!!
|
MARC
| LEADER | 00000nam a2200000Ii 4500 | ||
|---|---|---|---|
| 001 | DIGCOLMX0576 | ||
| 003 | NyNyDIG | ||
| 006 | m o d | ||
| 007 | cr ||||||||||| | ||
| 008 | 250402s2025 mx a ob 000 0 spa d | ||
| 035 | |a (OCoLC)1514306801 | ||
| 040 | |a DGITA |b eng |e rda |e pn |c DGITA | ||
| 020 | |a 9786075646770 |q electrónico | ||
| 020 | |z 9786075645858 |q impreso | ||
| 043 | |a s-uy--- |a s-cl--- |a s-bl--- | ||
| 050 | 1 | 4 | |a RG186 ebook |
| 100 | 1 | |a Novak, Beatriz, |e author. | |
| 245 | 1 | 0 | |a Determinantes de la edad a la menopausia natural en Brasil, Chile y Uruguay : |b un enfoque de curso de vida / |c Beatriz Novak. |
| 250 | |a Primera edición electrónica. | ||
| 264 | 1 | |a Ciudad de México, México : |b El Colegio de México, |c 2025. | |
| 300 | |a 1 online resource : |b illustrations. | ||
| 336 | |a text |b txt |2 rdacontent | ||
| 337 | |a computer |b c |2 rdamedia | ||
| 338 | |a online resource |b cr |2 rdacarrier | ||
| 347 | |a text file |2 rdaft | ||
| 347 | |b EPUB | ||
| 504 | |a Includes bibliographical references. | ||
| 588 | 0 | |a Online resource; title from ePub title page (Digitalia, viewed April 2, 2025) | |
| 650 | 0 | |a Menopause |x Social aspects |z Uruguay. | |
| 650 | 0 | |a Menopause |x Social aspects |z Chile. | |
| 650 | 0 | |a Menopause |x Social aspects |z Brazil. | |
| 776 | 0 | 8 | |i Print version: |a Novak, Beatriz. |t Determinantes de la edad a la menopausia natural en Brasil, Chile y Uruguay. |b Primera edición impresa. |d Ciudad de México, México : El Colegio de México, 2024 |z 9786075645858 |
| 791 | 2 | |a Digitalia (Firm), |e distributor. | |
| 793 | 0 | |g Digitalia eBook Collection: |a El Colegio de México | |
| 856 | 4 | 0 | |3 Digitalia Hispánica |u https://digitalia.unach.elogim.com/a/171784/ |
| 910 | |a Premium collection: 2025 | ||